LDR 01063naa#a2200229#i#450# 001 RU\\bibl\121387 005 20260429111700.3 011 ## _a1994-4683 100 ## _a20230531b2023####ek#y0rusy0150####ca 102 ## _aRU 200 1# _aРАЗВИТИЕ МОТИВАЦИИ БУДУЩИХ ПЕДАГОГОВ В ПРОЦЕССЕ ОБУЧЕНИЯ В ВУЗЕ _eЖурнальная статья 210 1# _aМосква _cНациональный государственный Университет физической культуры, спорта и здоровья им. П.Ф. Лесгафта _d2023 215 ## _a2 с. 608 ## _aЖурнальная статья _2local 675 ## _aВысшее образование. Высшая школа. Подготовка научных кадров. 378 _z 700 #1 _aАнтонова _gЭ Р 700 #1 _aКаратаева _gТ Ю 700 #1 _aПерепелюкова _gЕ В 700 #1 _aФортыгина _gС Н 700 #1 _aШкляев _gВ В 700 #1 _aТитов _gА Н 856 4# _auchzapiski.lesgaft.spb.ru _u